Wetlands on your farm?

Bibliographic Details
Corporate Author: United States. Soil Conservation Service
Format: Government Document Book
Language:English
Published: Des Moines, Iowa : USDA Soil Conservation Service, [1991]
Subjects:

MARC

Tag First Indicator Second Indicator Subfields
LEADER 00000cam a2200000 a 4500
001 in00000998521
005 20150927181618.0
008 910415s1991 iau f00000 eng d
010 |a (DG91069707  
035 |a (OCoLC)23466901 
035 |9 AEZ2094AM 
040 |a GPO  |c GPO  |d DLC  |d UtOrBLW 
043 |a n-us-ia 
074 |a 120 
086 0 |a A 57.2:W 53/3 
245 0 0 |a Wetlands on your farm? 
264 1 |a Des Moines, Iowa :  |b USDA Soil Conservation Service,  |c [1991] 
300 |a 1 sheet ;  |c 23 x 30 cm. folded to 23 x 10 cm. 
336 |a text  |b txt  |2 rdacontent 
337 |a unmediated  |b n  |2 rdamedia 
338 |a sheet  |b nb  |2 rdacarrier 
500 |a Shipping list number: 91-124-P. 
500 |a "January 1991"--P. [1]. 
650 0 |a Soil conservation  |z Iowa. 
650 0 |a Wetlands  |z Iowa. 
710 1 |a United States.  |b Soil Conservation Service. 
999 |a MARS 
999 f f |s 2902731a-dc06-352e-8076-e79d7abe4a88  |i 7b7d02d2-e196-37fb-bf6d-268c49e72b69  |t 0 
952 f f |p normal  |a Texas A&M University  |b College Station  |c Sterling C. Evans Library  |d Evans: US Documents (Annex 5th floor)  |t 0  |e A 57.2:W 53/3  |h Superintendent of Documents classification  |i unmediated -- sheet  |m A14814836274 
998 f f |a A 57.2:W 53/3  |t 0  |l Evans: US Documents (Annex 5th floor)